| 000 | 01155cad a22002535a 4500 | ||
|---|---|---|---|
| 001 | L154520 | ||
| 008 | 111218s2011 xxkqr p 0 a0eng u | ||
| 035 | _a(Sirsi) u154520 | ||
| 041 | 0 | _aeng | |
| 100 | 1 | _aStarr, John | |
| 110 | 2 | _aBoyes Turner | |
| 245 | 0 | 4 |
_aThe "new" Construction Act _h[electronic resource] |
| 260 |
_a[S.l.] _bBoyes Turner _c2011 |
||
| 520 | _aAsks "what is a construction act?" and discussess payment and adjudication in terms of the the 1996 Construction Act, the 2009 Construction Act and the impact of the new Act. | ||
| 590 | _aKA NTK | ||
| 650 | 2 | 4 | _aHOUSING GRANTS, CONSTRUCTION AND REGENERATION ACT 1996 |
| 650 | 2 | 4 | _aLOCAL DEMOCRACY, ECONOMIC DEVELOPMENT AND CONSTRUCTION ACT 2009 |
| 651 | 4 |
_aEngland and Wales _y1543- |
|
| 690 | _aBUILT ENVIRONMENT-CONSTRUCTION MANAGEMENT-BUILDING CONTRACT ADMINISTRATION | ||
| 690 |
_aProcurement _96260 |
||
| 690 | _aBUILT ENVIRONMENT-BUILDING CONTRACT FORMS-STANDARD FORMS OF BUILDING CONTRACT | ||
| 856 | 4 | 0 |
_uhttps://www.mondaq.com/x/155736/Building+Construction/The+New+Construction+Act&email_access=on _zView the article free of charge at www.mondaq.com |
| 942 | _n0 | ||
| 999 |
_c113025 _d113025 |
||